1462 1909 1806 1985 1566 1759 1668 1886 1202 1156 1451 1390 1979 1372 1758 1956 1000 1334 1966 1579 1151 1652 1250 1005 1798 1594 1022 1053 1751 1598 1924 1728 1417 1729 1381 1914 1646 1351 1102 1349 1518 1148 1928 1542 1628 1187 1693 1474 1978 1493 1512 1892 1972 1054 1600 1974 1346 1659 1323 1952 1341 1502 1053 1144 1180 1390 1043 1850 1525 1088 1307 1243 1182 1927 1103 1457 1017 1478 1936 1103 1260 1809 1776 1318 1563 1426 1468 1524 1573 1157 1329 1121 1573 1419 1222 1625 1015 1787 1092 BCNSPRNW ULIB Ver.6.0+V

เปลี่ยนเป็นภาษาไทย

Change to English
 แสดงรายละเอียดบรรณานุกรม
  กลับหน้าหลัก

Brief Record : Get Marc (ISO 2709) : E-mail record : QR code < ปิดหน้าต่าง
LEADER : 00000nam 2200000uu 4500
001    13399127405
003     ULIB
008    200519s2017||||th 000 0 tha d
020    ^a9781506259864 (pbk.)
050  4 ^aPE1128^bL887Bw
100 1  ^aLougheed, Lin,^d1946-
245 10 ^aBarron s writing for the TOEFL iBT /^cLin Lougheed
246 30 ^aWriting for the TOEFL iBT
250    ^a6th ed.
260    ^aHauppauge, N.Y. :^bBarron s Educational Series,^c2017
300    ^av, 309 p. :^bill. ;^c28 cm. +^e1 computer optical disc
505 0  ^aIntroduction -- Self-test -- Writing skills: integretedtask -- Writing skills: independent task -- Writing skills-both tasks -- Model tests
650  0 ^aTest of English as a Foreign Language^vStudy guides
650  0 ^aEnglish language^vTextbooks for foreign speakers
650  0 ^aEnglish language^xExaminations^vStudy guides
650  0 ^aEnglish language^xWriting^xProblems, exercises, etc.
653    ^aTOEFL
945    ^p386^l0^i007078
999    ^aประนอม เกษจรัล
รายการนี้ยังไม่มีแท็ก
คุณยังไม่ได้ล็อกอิน คุณสามารถมีกิจกรรมร่วมกับเว็บไซต์ได้ แต่ต้องล็อกอินก่อน ::
  ล็อกอิน

รายการสื่อสารสนเทศ

ลำดับที่ ประเภท เลขเรียก/บาร์โค้ด สถานที่ สถานะ
1. การศึกษาทั่วไป
หนังสือสำรอง
สถานะ=หนังสือสำรอง
PE1128 L887Bw ฉ.1 
  Barcode: 007078
ห้องสมุดวิทยาเขตสวรรค์ประชารักษ์
►หนังสือทั่วไป
บนชั้น

BibComment


ยังไม่เคยถูกคอมเมนท์

คอมเมนท์ทรัพยากรรายการนี้
  คอมเมนท์: Barron s writing..


 Copyright 2026. Bcnsprnw @Library